000
00243nam a22000977a 4500
008
140207t xxu||||| |||| 00| 0 eng d
100
_a
Defleur Dennis
_9
679
245
_a
Understanding Mass communication
300
_a
xiv, 637 p. :
942
_2
ddc
_c
BK
999
_c
16938
_d
16938